Mary Poppins - Characters by Picture - Statistics

General Stats
  • This quiz has been taken 179 times
  • The average score is 9 of 43
Answer Stats
Picture Answer % Correct
Mary Poppins
98%
Bert
78%
George Banks
68%
Michael Banks
64%
Jane Banks
63%
Mary Poppins
44%
Winifred Banks
39%
Katie Nanna
37%
Michael Banks
33%
Jane Banks
32%
Uncle Albert
30%
Ellen
28%
Constable Jones
23%
Admiral Boom
21%
Jack
19%
Mr. Dawes Sr.
17%
The Bird Woman
17%
Cow
16%
Mr. Dawes Jr.
16%
Barnyard Horse
15%
Georgie Banks
15%
Ellen
12%
Fox
12%
John Banks
12%
Ram
12%
Topsy
11%
Admiral Boom
10%
Annabel Banks
10%
Miss Lark
10%
Mr. Dawes Jr.
10%
Robin
10%
The Balloon Lady
10%
Mrs. Brill
8%
Hog
5%
Mr. Binnacle
3%
Mrs. Corry
3%
Shamus the Coachman Dog
2%
William 'Weatherall' Wilkins
2%
Clyde
1%
Hamilton Gooding
1%
Miss Lark
1%
Miss Penny Farthing
1%
Templeton Frye
1%
No matching quizzes found
Score Distribution
Percent of People with Each Score
Percentile by Number Answered
Your Score History
You have not taken this quiz